000 00629nam a2200241Ia 4500
003 OSt
005 20220918222029.0
006 a|||||r|||| 00| 0
007 ta
008 220917b |||||||| |||| 00| 0 eng d
024 _a215,420
037 _cTextual
040 _aARTS
_cARTS
_beng
041 _2eng
_aeng
082 _aZ1:(G:55), P2
100 _aRao P.K.
_916121
245 0 _aInternational environmental law and economics
260 _aUSA
_bBlackwell pub.
_c2002
300 _axx, 339 p
_ccm.
650 _aLAW
_97240
942 _hZ1:(G:55), P2
_cTEXL
_2CC
999 _c274365
_d274365